Statistics for YouTube Channels by Logo Quiz

Click here to take the quiz!

General Stats

  • This quiz has been taken 83 times
  • The average score is 8 of 16

Answer Stats

Answer% Correct
MrBeast
97%
Cocomelon - Nursery Rhymes
88%
Marshmello
81%
PewDiePie
81%
Dude Perfect
74%
Logan Paul
72%
WWE
66%
5-Minute Crafts
55%
Markiplier
55%
Justin Bieber
36%
IShowSpeed
35%
Smosh
35%
Mark Rober
34%
Blackpink
15%
A4
8%
NoCopyrightSounds
5%

Score Distribution

Percentile by Number Answered

Percent of People with Each Score

Your Score History

You have not taken this quiz